Welcome to the Holygrace Academy Library

Please use search bar below to get started

SUCCESS TROUGH A POSITIVE MENTAL ATTITTUDE (Record no. 9176)

MARC details
000 -LEADER
fixed length control field 00382nam a22001337a 4500
082 ## - DEWEY DECIMAL CLASSIFICATION NUMBER
Classification number 158
Item number HILL/S
100 ## - MAIN ENTRY--AUTHOR NAME
Personal name HILL, NAPOLEON
245 ## - TITLE STATEMENT
Title SUCCESS TROUGH A POSITIVE MENTAL ATTITTUDE
246 ## - VARYING FORM OF TITLE
Title proper/short title SUCCESS TROUGH A POSITIVE MENTAL ATTITTUDE
Remainder of title SUCCESS TROUGH A POSITIVE MENTAL ATTITTUDE
260 ## - PUBLICATION, DISTRIBUTION, ETC. (IMPRINT)
Place of publication NEW DELHI
Name of publisher GO WOO
Year of publication 2025
300 ## - PHYSICAL DESCRIPTION
Number of Pages 328
650 ## - SUBJECT ADDED ENTRY--TOPICAL TERM
Topical Term MOTIVATIONAL
942 ## - ADDED ENTRY ELEMENTS (KOHA)
Koha item type Books
Holdings
Withdrawn status Lost status Collection code Home library Current library Date acquired Source of acquisition Cost, normal purchase price Full call number Accession Number Koha item type
    SELF STUDY , MOTIVATIONAL Main Library Main Library 02/12/2025 PURCHASED 200.00 158 HILL/S 13887 Books